ArtNexus/ (Record no. 3261)

MARC details
000 -LEADER
campo de control de longitud fija 01930nam a22004817a 4500
003 - IDENTIFICADOR DE NÚMERO DE CONTROL
campo de control OSt
005 - FECHA Y HORA DE LA ÚLTIMA TRANSACCIÓN
campo de control 20230322125417.0
008 - DATOS DE LONGITUD FIJA--INFORMACIÓN GENERAL
campo de control de longitud fija 221006b |||||||| |||| 00| 0 eng d
040 ## - FUENTE DE CATALOGACIÓN
Centro/agencia transcriptor Biblioteca Lado V
082 ## - NÚMERO DE LA CLASIFICACIÓN DECIMAL DEWEY
Número de clasificación 701.1
Número de ítem S744a
100 ## - ENTRADA PRINCIPAL--NOMBRE DE PERSONA
9 (RLIN) 795
Nombre de persona Srendni de Birbragher, Celia
Término indicativo de función/relación editora
-- directora
245 ## - MENCIÓN DEL TÍTULO
Título ArtNexus/
Resto del título El nexo entre America Latina y el resto del mundo/
260 ## - PUBLICACIÓN, DISTRIBUCIÓN, ETC.
Nombre del editor, distribuidor, etc. Asociación de Revistas Culturales
Fecha de publicación, distribución, etc. 1999
Lugar de publicación, distribución, etc. U.S.A.
-- Colombia
300 ## - DESCRIPCIÓN FÍSICA
Dimensiones 21x28cm
Extensión 142p.
366 ## - INFORMACIÓN SOBRE DISPONIBILIDAD COMERCIAL
Nota esp
490 ## - MENCIÓN DE SERIE
Mención de serie 31
-- Enero-Marzo
Designación de volumen o secuencia 1999
Número Internacional Normalizado para Publicaciones Seriadas 0121 5639
505 ## - NOTA DE CONTENIDO CON FORMATO
Título Noticias
505 ## - NOTA DE CONTENIDO CON FORMATO
Título Una reticencia insidiosa: esculturas de Jose Resende
505 ## - NOTA DE CONTENIDO CON FORMATO
Título Manglano-Ovalle: la poética de la tolerancia
505 ## - NOTA DE CONTENIDO CON FORMATO
Título Tucuman Arde
505 ## - NOTA DE CONTENIDO CON FORMATO
Título Lo interior es lo exterior: el carácter precario en la obra de Lygia Clark
505 ## - NOTA DE CONTENIDO CON FORMATO
Título XXIV Bienal de Sao Paulo, una propuesta antropofagica
505 ## - NOTA DE CONTENIDO CON FORMATO
Título El Caribe: una identidad de diferencias
505 ## - NOTA DE CONTENIDO CON FORMATO
Título I Bienal de Pintura del Istmo Centroamericano
505 ## - NOTA DE CONTENIDO CON FORMATO
Título La Fe de Rodchenko
505 ## - NOTA DE CONTENIDO CON FORMATO
Título Amnesia: Arte Contemporáneo de Sur America
505 ## - NOTA DE CONTENIDO CON FORMATO
Título Expoarte Guadalajara'98
505 ## - NOTA DE CONTENIDO CON FORMATO
Título Primer Plano: Lygia Pape y Ernesto Neto
505 ## - NOTA DE CONTENIDO CON FORMATO
Título Cronica colectiva
505 ## - NOTA DE CONTENIDO CON FORMATO
Título Cronicas
505 ## - NOTA DE CONTENIDO CON FORMATO
Título Libros y Catalogos
505 ## - NOTA DE CONTENIDO CON FORMATO
Título Guía de Galerías y Museos
650 ## - PUNTO DE ACCESO ADICIONAL DE MATERIA--TÉRMINO DE MATERIA
Fuente del encabezamiento o término Tesauro de Arte & Arquitectura
Término de materia o nombre geográfico como elemento de entrada ARTE
9 (RLIN) 703
650 ## - PUNTO DE ACCESO ADICIONAL DE MATERIA--TÉRMINO DE MATERIA
Fuente del encabezamiento o término Tesauro de Arte & Arquitectura
Término de materia o nombre geográfico como elemento de entrada EXPOSICIONES
650 ## - PUNTO DE ACCESO ADICIONAL DE MATERIA--TÉRMINO DE MATERIA
Fuente del encabezamiento o término Tesauro de Arte & Arquitectura
Término de materia o nombre geográfico como elemento de entrada BIENAL
650 ## - PUNTO DE ACCESO ADICIONAL DE MATERIA--TÉRMINO DE MATERIA
Fuente del encabezamiento o término Tesauro de Arte & Arquitectura
Término de materia o nombre geográfico como elemento de entrada APRECIACION
650 ## - PUNTO DE ACCESO ADICIONAL DE MATERIA--TÉRMINO DE MATERIA
Fuente del encabezamiento o término Tesauro de Arte & Arquitectura
Término de materia o nombre geográfico como elemento de entrada TEORIA
650 ## - PUNTO DE ACCESO ADICIONAL DE MATERIA--TÉRMINO DE MATERIA
Fuente del encabezamiento o término Tesauro de Arte & Arquitectura
Término de materia o nombre geográfico como elemento de entrada CRITICA
650 ## - PUNTO DE ACCESO ADICIONAL DE MATERIA--TÉRMINO DE MATERIA
Fuente del encabezamiento o término Tesauro de Arte & Arquitectura
Término de materia o nombre geográfico como elemento de entrada FOTOGRAFIA
9 (RLIN) 702
650 ## - PUNTO DE ACCESO ADICIONAL DE MATERIA--TÉRMINO DE MATERIA
Fuente del encabezamiento o término Tesauro de Arte & Arquitectura
Término de materia o nombre geográfico como elemento de entrada LITERATURA
651 ## - PUNTO DE ACCESO ADICIONAL DE MATERIA--NOMBRE GEOGRÁFICO
Fuente del encabezamiento o término Tesauro de Arte & Arquitectura
Nombre geográfico COLOMBIA
942 ## - ELEMENTOS DE ENTRADA SECUNDARIOS (KOHA)
Fuente del sistema de clasificación o colocación Clasificación Decimal Dewey
Tipo de ítem Koha Libros
Parte de la signatura que corresponde a la clasificación (Parte de la clasificación) 701.1
Parte de la signatura que identifica el ejemplar (Parte del ítem) S744a
Suprimir en OPAC No

No items available.